[Event "A tournament for new players to the site"]
[Site "SchemingMind.com"]
[Date "2004.12.08"]
[Round "-"]
[White "chessteen"]
[Black "Gary"]
[Result "0-1"]
[WhiteCountry "USA"]
[BlackCountry "ENG"]
[WhiteElo "1439"]
[WhiteRD "177"]
[BlackElo "1692"]
[BlackRD "56"]
[GameID "5960"]

1. e4 c5 2. Nf3 d6 3. d4 cxd4 4. Nxd4 Nf6 5. Nc3 a6 6. Bg5 e5 7. Bxf6 Qxf6 8. Nd5 Qd8 9. Bc4 g6 10. O-O Bg7
11. Qf3 O-O 12. b4 exd4 13. Rad1 Nc6 14. c3 Ne5 15. Qe2 Nxc4
0-1

[Event "A tournament for new players to the site"]
[Site "SchemingMind.com"]
[Date "2004.12.08"]
[Round "-"]
[White "Gary"]
[Black "chessteen"]
[Result "1-0"]
[WhiteCountry "ENG"]
[BlackCountry "USA"]
[WhiteElo "1692"]
[WhiteRD "56"]
[BlackElo "1439"]
[BlackRD "177"]
[GameID "5961"]

1. c4 e5 2. Nf3 Nc6 3. Nc3 Nf6 4. g3 d6 5. Bg2 d5 6. cxd5 Nxd5 7. Nxe5 Be6 8. Nxc6 Nxc3 9. bxc3 bxc6 10. Bxc6+ Bd7
11. Bxa8 Qxa8 12. f3 Qb7 13. O-O Bd6 14. Qb3 Qxb3 15. axb3
1-0

[Event "A tournament for new players to the site"]
[Site "SchemingMind.com"]
[Date "2004.12.18"]
[Round "-"]
[White "Scarian"]
[Black "Gary"]
[Result "1/2-1/2"]
[WhiteCountry "GBR"]
[BlackCountry "ENG"]
[WhiteElo "1743"]
[WhiteRD "217"]
[BlackElo "1711"]
[BlackRD "62"]
[GameID "6324"]

1. e4 c5 2. Nf3 d6 3. Nc3 g6 4. d3 Bg7 5. Bd2 Nc6 6. Be2 Nf6 7. O-O O-O 8. h3 a6 9. a3 b5 10. Bg5 Bb7
11. Qd2 Re8 12. Rfe1 Rc8 13. Bxf6=
1/2-1/2

[Event "A tournament for new players to the site"]
[Site "SchemingMind.com"]
[Date "2004.12.19"]
[Round "-"]
[White "Gary"]
[Black "Scarian"]
[Result "0-1"]
[WhiteCountry "ENG"]
[BlackCountry "GBR"]
[WhiteElo "1692"]
[WhiteRD "56"]
[BlackElo "1967"]
[BlackRD "129"]
[GameID "6327"]

1. e4 c5 2. Nf3 Nc6 3. d4 cxd4 4. Nxd4 Nxd4 5. Qxd4 d6 6. Bc4 e5 7. Qd3 Nf6 8. Bg5 Be7 9. Nc3 h6 10. Bxf6 Bxf6
11. O-O-O Be7 12. Nd5 O-O 13. g3 Bf6 14. Rhf1 Be6 15. Nxf6+ Qxf6 16. Bxe6 Qxe6 17. Qd5 Rfd8 18. Rd3 Qh3 19. Rh1 Qg2 20. Rdd1 Qxf2
21. Qxb7 Rab8 22. Qd5 Qe3+ 23. Kb1 Rxb2+ 24. Kxb2 Rb8+ 25. Qb3 Rxb3+ 26. axb3 Qxe4 27. Rhe1 Qc6 28. Rd3 Kf8 29. Red1 Ke7 30. Ra1 Qb6
31. h4 Ke6 32. Ra4 f5 33. Rc4 e4
0-1

[Event "A tournament for new players to the site"]
[Site "SchemingMind.com"]
[Date "2004.12.20"]
[Round "-"]
[White "lame wolf"]
[Black "Gary"]
[Result "0-1"]
[WhiteCountry "INT"]
[BlackCountry "ENG"]
[WhiteElo "1111"]
[WhiteRD "107"]
[BlackElo "1692"]
[BlackRD "56"]
[GameID "6356"]

1. c4 Nf6 2. e3 e6 3. Nc3 Be7 4. g3 O-O 5. f3 b6 6. Bg2 Bb7 7. d4 Na6 8. Nh3 c5 9. Rg1 Rc8 10. Bd2 d5
11. Bf1 Nc7 12. cxd5 Ncxd5 13. Nb5 a6 14. Nc3 cxd4 15. a4 dxc3 16. bxc3 Nxc3 17. Bxc3 Rxc3 18. Kf2 Bc5 19. a5 Qxd1 20. Rxd1 Rxe3
21. Kg2 Rxf3
0-1

[Event "A tournament for new players to the site"]
[Site "SchemingMind.com"]
[Date "2004.12.20"]
[Round "-"]
[White "lame wolf"]
[Black "Scarian"]
[Result "0-1"]
[WhiteCountry "INT"]
[BlackCountry "GBR"]
[WhiteElo "1108"]
[WhiteRD "152"]
[BlackElo "1743"]
[BlackRD "217"]
[GameID "6359"]

1. c4 e5 2. e3 Nf6 3. Nc3 d6 4. d3 c5 5. Nf3 Nc6 6. e4 Be7 7. Nd5 Nxd5 8. cxd5 Nb4 9. Bd2 Qb6 10. Qb3 Bg4
11. Be2 Bxf3 12. Bxf3 Qb5 13. Be2 Qb6 14. O-O a5 15. Bxb4 Qxb4 16. Qxb4 axb4 17. Bd1 O-O 18. b3 b6= 19. Bg4 Bg5 20. Bd7 Bd2
21. a4 bxa3 22. f4 Bxf4 23. Bc6 Be3+ 24. Kh1 a2 25. Rfe1 Bd4 26. Bxa8 Rxa8 27. Rad1 a1=Q 28. Rxa1 Bxa1 29. g4 b5 30. Kg2 Bd4
31. h4 Ra2+
0-1

[Event "A tournament for new players to the site"]
[Site "SchemingMind.com"]
[Date "2004.12.20"]
[Round "-"]
[White "Gary"]
[Black "lame wolf"]
[Result "1-0"]
[WhiteCountry "ENG"]
[BlackCountry "INT"]
[WhiteElo "1692"]
[WhiteRD "56"]
[BlackElo "1111"]
[BlackRD "107"]
[GameID "6360"]

1. e4 c5 2. d4 d5 3. Bb5+ Bd7 4. Bxd7+ Qxd7 5. Nc3 cxd4 6. Qxd4 dxe4 7. Qxd7+ Nxd7 8. Nxe4 e5 9. Be3 Bc5 10. Nxc5 Ngf6
11. O-O-O O-O 12. Nxd7 Rfc8 13. Nxf6+ gxf6 14. Nf3 b5 15. Rd6 a5 16. Rxf6 a4 17. Nxe5 a3 18. b3 b4 19. Rxf7 Re8 20. Rf5 Ra5
21. f4 Kg7 22. Rd1 h6 23. Rd7+ Kg8 24. Rff7 Raa8 25. Rg7+ Kf8 26. Rdf7#
1-0

[Event "A tournament for new players to the site"]
[Site "SchemingMind.com"]
[Date "2004.12.20"]
[Round "-"]
[White "Scarian"]
[Black "lame wolf"]
[Result "1-0"]
[WhiteCountry "GBR"]
[BlackCountry "INT"]
[WhiteElo "1743"]
[WhiteRD "217"]
[BlackElo "1108"]
[BlackRD "152"]
[GameID "6363"]

1. e4 c5 2. Nf3 e6 3. d3 Nc6 4. Nc3 Nf6 5. Be2 g6 6. O-O Bg7 7. e5 Nxe5 8. Nxe5 O-O 9. Bg5 d5 10. d4 c4
11. Bxf6 Bxf6 12. Ng4 a6 13. Nxf6+ Qxf6 14. Qd2 b5 15. Nd1 Ra7 16. Ne3 b4 17. Rfe1 Re8 18. c3 a5 19. cxb4 axb4 20. Nc2 Rb7
21. Nxb4 Qe7 22. Nc6 Qd6 23. Ne5 Rc7 24. Ng4 Kg7 25. Qh6+ Kh8 26. Nf6 Rd8 27. Qxh7#
1-0

[Event "A tournament for new players to the site"]
[Site "SchemingMind.com"]
[Date "2004.12.21"]
[Round "-"]
[White "Rigle"]
[Black "Gary"]
[Result "1-0"]
[WhiteCountry "USA"]
[BlackCountry "ENG"]
[WhiteElo "1785"]
[WhiteRD "128"]
[BlackElo "1692"]
[BlackRD "56"]
[GameID "6380"]

1. d4 Nf6 2. Bf4 g6 3. Nf3 Bg7 4. e3 O-O 5. Bd3 b6 6. O-O Bb7 7. Nc3 d6 8. e4 Nbd7 9. Qe2 Re8 10. Rad1 e5
11. dxe5 dxe5 12. Be3 c5 13. Bc4 Nxe4 14. Nxe4 Bxe4 15. Ng5 Bf5 16. Bxf7+ Kh8 17. h3 h6 18. Nf3 Rf8 19. Bd5 Rb8 20. a4 Qc7
21. g4 e4 22. Nh4 Bxg4 23. Nxg6+
1-0

[Event "A tournament for new players to the site"]
[Site "SchemingMind.com"]
[Date "2004.12.21"]
[Round "-"]
[White "Rigle"]
[Black "Scarian"]
[Result "0-1"]
[WhiteCountry "USA"]
[BlackCountry "GBR"]
[WhiteElo "1747"]
[WhiteRD "121"]
[BlackElo "1936"]
[BlackRD "110"]
[GameID "6383"]

1. d4 Nf6 2. Nf3 d5 3. Bf4 Nc6 4. e3 e6 5. Nc3 Bd6 6. Ne5 Bd7 7. Bd3 O-O 8. O-O Be7 9. a3 Nxe5 10. dxe5 Ne8
11. Qh5 f5 12. h3 c5 13. Rfd1 Nc7 14. Qf3 Bc6 15. Qg3 Bh4 16. Qh2 b5= 17. g3 Be7 18. e4 d4 19. exf5 dxc3 20. bxc3 Qc8
21. f6 gxf6 22. exf6 Bxf6 23. Rab1 Nd5 24. c4 Nxf4 25. gxf4 Kh8 26. cxb5 Rg8+ 27. Kf1 Bg2+ 28. Qxg2 Rxg2 29. Kxg2 Qb7+ 30. Kh2 Qf3
31. Rg1 Qxf2+ 32. Rg2 Qxf4+ 33. Kh1 Qe3 34. Be2 Rg8
0-1

[Event "A tournament for new players to the site"]
[Site "SchemingMind.com"]
[Date "2004.12.21"]
[Round "-"]
[White "Rigle"]
[Black "lame wolf"]
[Result "1-0"]
[WhiteCountry "USA"]
[BlackCountry "INT"]
[WhiteElo "1785"]
[WhiteRD "128"]
[BlackElo "1111"]
[BlackRD "107"]
[GameID "6384"]

1. d4 f5 2. Nf3 d6 3. e3 Nf6 4. Bb5+ Bd7 5. Qd3 e6 6. O-O Ng4 7. Nc3 Bxb5 8. Qxb5+ Qd7 9. Qxb7 Qc6 10. Qxc6+ Nxc6
11. h3 Nf6 12. a3 Be7 13. Ng5 O-O 14. Bd2 e5 15. Nb5 exd4 16. exd4 d5 17. Rae1 Bd8 18. Ne6 Rf7 19. Nxd8 Rxd8 20. Re6 Ne7
21. Bg5 h6 22. Bxf6 c6 23. Bxe7 Rb8 24. Nxa7 Rxb2 25. Rc1 Ra2 26. Nxc6 Rxa3 27. Bxa3
1-0

[Event "A tournament for new players to the site"]
[Site "SchemingMind.com"]
[Date "2004.12.21"]
[Round "-"]
[White "Gary"]
[Black "Rigle"]
[Result "1-0"]
[WhiteCountry "ENG"]
[BlackCountry "USA"]
[WhiteElo "1694"]
[WhiteRD "62"]
[BlackElo "1703"]
[BlackRD "114"]
[GameID "6385"]

1. c4 e5 2. Nc3 Nf6 3. Nf3 Nc6 4. g3 Bc5 5. Bg2 O-O 6. O-O d6 7. d3 Be6 8. b3 Bg4 9. Bb2 Re8 10. Nd2 Qd7
11. Re1 Qf5 12. Nde4 Bd4 13. Qd2 Nxe4 14. Nxe4 Bxb2 15. Qxb2 Bh3 16. e3 Bxg2 17. Kxg2 Nb4 18. Qd2 Nc6 19. Rac1 a6 20. a4 h6
21. b4 Qg6 22. b5 Ne7 23. Nc3 Red8 24. Nd5 Nxd5 25. cxd5 axb5 26. axb5 Ra3 27. e4 Rc8 28. Rc2 f5 29. f3 fxe4 30. dxe4 b6
31. Rc6 Rf8 32. Re3 Rxe3 33. Qxe3 Rf7 34. Qc3 Qf6 35. Rxc7 Rf8 36. Rb7 g5 37. h3 h5 38. g4 hxg4 39. hxg4 Ra8 40. Qc2 Rf8
41. Qc3 Ra8 42. Rxb6 Qf8 43. Ra6 Rc8 44. Qd3 Qh6 45. Qd2 Kf7 46. Ra7+ Ke8 47. b6
1-0

[Event "A tournament for new players to the site"]
[Site "SchemingMind.com"]
[Date "2004.12.21"]
[Round "-"]
[White "Scarian"]
[Black "Rigle"]
[Result "1-0"]
[WhiteCountry "GBR"]
[BlackCountry "USA"]
[WhiteElo "1936"]
[WhiteRD "110"]
[BlackElo "1747"]
[BlackRD "121"]
[GameID "6388"]

1. e4 Nf6 2. Nc3 e5 3. Nf3 Bb4 4. Bb5 O-O 5. O-O c6 6. Be2 d6 7. d3 Bxc3 8. bxc3 Be6 9. Ng5 Nbd7 10. f4 Qa5
11. c4 Nc5 12. fxe5 dxe5 13. Bd2 Qd8 14. Be3 Qd6 15. Nxe6 Nxe6 16. Bg4 Nd4 17. Bh3 Rfe8 18. a4 b6 19. a5 bxa5 20. Rxa5 Qc7
21. Ra6 Qb8 22. Bxd4 exd4 23. Rxc6 Qe5 24. Qa1 a5 25. Rf5 Qe7 26. Qxd4 Red8 27. Qa1 Qa7+ 28. c5 Ne8 29. Qf1 f6 30. Rh5 Qb7
31. Rb6 Qc7 32. Be6+ Kh8 33. Qf5 h6 34. g3 Rd6 35. Rxd6 Nxd6 36. cxd6 Qb8 37. Kg2
1-0

[Event "A tournament for new players to the site"]
[Site "SchemingMind.com"]
[Date "2004.12.21"]
[Round "-"]
[White "lame wolf"]
[Black "Rigle"]
[Result "0-1"]
[WhiteCountry "INT"]
[BlackCountry "USA"]
[WhiteElo "1111"]
[WhiteRD "107"]
[BlackElo "1785"]
[BlackRD "128"]
[GameID "6389"]

1. c4 e5 2. e3 Nf6 3. Nc3 Bb4 4. Nf3 d6 5. g3 O-O 6. a3 Bxc3 7. bxc3 Nc6 8. a4 Bf5 9. Qb3 b6 10. Bg2 Na5
11. Qa3 Nxc4 12. Qb4 Bd3 13. Ng5 h6 14. Bf1 c5 15. Bxd3 cxb4 16. g4 d5 17. Ke2 hxg5 18. h3 bxc3 19. Ba3 Re8 20. h4 e4
21. Bxc4 dxc4 22. dxc3 Qd3+ 23. Ke1 Rad8 24. Rd1 Qxd1#
0-1

[Event "A tournament for new players to the site"]
[Site "SchemingMind.com"]
[Date "2004.12.21"]
[Round "-"]
[White "Tyler"]
[Black "Gary"]
[Result "1-0"]
[WhiteCountry "SUI"]
[BlackCountry "ENG"]
[WhiteElo "1669"]
[WhiteRD "119"]
[BlackElo "1692"]
[BlackRD "56"]
[GameID "6398"]

1. c4 Nf6 2. Nc3 e5 3. g3 Be7 4. Bg2 O-O 5. Nf3 Nc6 6. O-O b6 7. d3 Bb7 8. Bg5 h6 9. Bxf6 Bxf6 10. Nd5 d6
11. a3 Be7 12. Rc1 f5 13. b4 Bf6 14. Qb3 Ne7 15. Nxf6+ Rxf6 16. Rc2 Rc8 17. Rfc1 c5 18. bxc5 dxc5 19. Nxe5 Bxg2 20. Kxg2 Qc7
21. Nf3 Nc6 22. e3 Qb7 23. d4 cxd4 24. c5+ Kh8 25. exd4 Nxd4 26. c6 Rcxc6 27. Qd5 Nxc2 28. Rxc2 Rfd6 29. Qxf5 Rxc2 30. Qxc2 Rf6
31. Qd3 a5 32. Qd8+ Kh7 33. Qd3+ g6 34. g4 b5 35. Kg3 b4 36. axb4 axb4 37. Nd2 Rc6 38. Ne4 b3 39. Qb1 b2 40. g5 Rc1
41. Nf6+ Kh8 42. Qxg6 Rg1+ 43. Kh4 hxg5+ 44. Kh5 Qf3+ 45. Kh6 Qh3+ 46. Nh5
1-0

[Event "A tournament for new players to the site"]
[Site "SchemingMind.com"]
[Date "2004.12.21"]
[Round "-"]
[White "Tyler"]
[Black "Rigle"]
[Result "0-1"]
[WhiteCountry "SUI"]
[BlackCountry "USA"]
[WhiteElo "1669"]
[WhiteRD "119"]
[BlackElo "1785"]
[BlackRD "128"]
[GameID "6400"]

1. d4 f5 2. Nc3 Nf6 3. Bg5 g6 4. Bxf6 exf6 5. a3 Nc6 6. e3 d5 7. Bb5 Qd6 8. Nge2 Be6 9. Nf4 O-O-O 10. Nxe6 Qxe6
11. Qd3 Ne7 12. O-O-O h5 13. Na4 Qe4 14. Qf1 Rd6 15. Nc5 Qh4 16. Ne6 Rxe6 17. c4 Kb8 18. cxd5 Nxd5 19. g3 Qe4 20. Bd3 Qf3
21. Be2 Rc6+ 22. Kb1 Qe4+ 23. Bd3 Qe6 24. Qe1 Nc3+ 25. bxc3 Qb3+ 26. Ka1 Rb6 27. Rd2 Qxc3+ 28. Ka2 Qxa3#
0-1

[Event "A tournament for new players to the site"]
[Site "SchemingMind.com"]
[Date "2004.12.21"]
[Round "-"]
[White "Tyler"]
[Black "Scarian"]
[Result "0-1"]
[WhiteCountry "SUI"]
[BlackCountry "GBR"]
[WhiteElo "1669"]
[WhiteRD "119"]
[BlackElo "1967"]
[BlackRD "129"]
[GameID "6402"]

1. e4 c5 2. Nf3 Nc6 3. d4 cxd4 4. Nxd4 Nxd4 5. Qxd4 d6 6. Bc4 Nf6 7. O-O e5 8. Qc3 Nxe4 9. Qf3 Nf6 10. Bg5 Be7
11. Nc3 O-O 12. Rad1 Bg4 13. Qxb7 Bxd1 14. Rxd1 a5 15. b3 Rb8 16. Qf3 Nd5 17. Bxe7 Nxe7 18. Nd5 Nxd5 19. Qxd5 a4 20. Qxd6 axb3
21. cxb3 Qxd6 22. Rxd6 Rfd8 23. Rxd8+ Rxd8 24. Kf1 Rd2 25. a4 Ra2 26. g3 Kf8 27. Kg2 e4 28. Kf1 f5 29. h3 Ke7 30. h4 g6
31. Bg8 h6 32. Bc4 g5 33. hxg5 hxg5 34. Ke1 Kd6 35. Bf7 Ke5 36. Bg8 f4 37. gxf4+ gxf4 38. Bc4 f3 39. Bf7 Kd4 40. Bc4 Kc3
41. Kf1 Ra1#
0-1

[Event "A tournament for new players to the site"]
[Site "SchemingMind.com"]
[Date "2004.12.21"]
[Round "-"]
[White "Tyler"]
[Black "lame wolf"]
[Result "1-0"]
[WhiteCountry "SUI"]
[BlackCountry "INT"]
[WhiteElo "1662"]
[WhiteRD "292"]
[BlackElo "1108"]
[BlackRD "152"]
[GameID "6403"]

1. d4 d5 2. c4 e5 3. dxe5 Bc5 4. cxd5 Qh4 5. Nf3 Qxf2+ 6. Kd2 Bb4+ 7. Nc3 Qc5 8. e4 Bxc3+ 9. bxc3 Bg4 10. Be2 Qf2
11. h3 Bxf3 12. gxf3 Qb6 13. Ba3 c5 14. Rb1 Qc7 15. d6 Qd7 16. Bxc5 Nc6 17. f4 Nh6 18. Qb3 O-O 19. Qxb7 Qxb7 20. Rxb7 f5
21. exf5 Rxf5 22. Be3 Nf7 23. Bc4 Rf8 24. Be6 Rh5 25. Rc7
1-0

[Event "A tournament for new players to the site"]
[Site "SchemingMind.com"]
[Date "2004.12.21"]
[Round "-"]
[White "Gary"]
[Black "Tyler"]
[Result "1-0"]
[WhiteCountry "ENG"]
[BlackCountry "SUI"]
[WhiteElo "1686"]
[WhiteRD "60"]
[BlackElo "1566"]
[BlackRD "102"]
[GameID "6404"]

1. c4 c5 2. Nf3 Nf6 3. g3 g6 4. Bg2 Bg7 5. O-O O-O 6. Nc3 Nc6 7. d3 d6 8. a3 Bg4 9. Rb1 a5 10. e3 Ne5
11. h3 Bxf3 12. Bxf3 Nxf3+ 13. Qxf3 b6 14. b4 Nd7 15. Nb5 Ne5 16. Qe2 axb4 17. axb4 cxb4 18. Rxb4 Ra1 19. Bb2 Ra2 20. d4 Nc6
21. Rb3 Na5 22. Ra3 Rxa3 23. Bxa3 Qc8 24. Rc1 Qxh3 25. Bb4 Rc8 26. Na7 Ra8 27. Bxa5 bxa5 28. Nc6 Qd7 29. Qf3 Rc8 30. Nxa5 Qa4
31. Qb7 Re8 32. Qb5 Qxb5 33. cxb5 Rb8 34. Rb1 e5 35. d5 Bf6 36. Nc6 Rb6 37. Na5 Be7 38. Nc4 Rb7 39. b6 Bd8 40. Nxd6 Rxb6
41. Rxb6 Bxb6 42. Nc4 Bc7 43. d6 Bb8 44. d7 Bc7 45. Nxe5 Kf8 46. Nc6 f5 47. f3 g5 48. e4 fxe4 49. fxe4 Kf7 50. d8=Q Bxd8
51. Nxd8+ Ke7 52. Nc6+ Kd6 53. Nd8 Ke5 54. Nf7+ Kf6 55. Nh6 Ke5 56. Kg2 Kxe4 57. Kh3 Ke5 58. Kg4 Kf6 59. Kh5 Kg7 60. Kxg5 Kh8
61. Ng4 Kg7 62. Kh5 Kf7 63. Kh6 Kg8 64. Nf6+ Kh8 65. Nxh7 Kg8 66. g4 Kh8 67. g5 Kg8 68. g6 Kh8 69. Ng5 Kg8 70. Nf7 Kf8
71. Kh7
1-0

[Event "A tournament for new players to the site"]
[Site "SchemingMind.com"]
[Date "2004.12.21"]
[Round "-"]
[White "Rigle"]
[Black "Tyler"]
[Result "1-0"]
[WhiteCountry "USA"]
[BlackCountry "SUI"]
[WhiteElo "1785"]
[WhiteRD "128"]
[BlackElo "1669"]
[BlackRD "119"]
[GameID "6406"]

1. d4 f5 2. Bf4 Nf6 3. Nf3 e6 4. e3 Be7 5. Bc4 O-O 6. O-O b6 7. Nc3 Bb7 8. d5 exd5 9. Nxd5 Kh8 10. Nxf6 Bxf6
11. c3 d6 12. Bd5 Bxd5 13. Qxd5 Nd7 14. Rad1 Qe7 15. Qxf5 Bxc3 16. Qc2 Be5 17. Qxc7 Rfc8 18. Qb7 Rcb8 19. Qe4 Nc5 20. Qd5 Bxf4
21. exf4 Qf6 22. Ng5 h6 23. Nf7+ Kh7 24. b4 Ne6 25. Qe4+ g6 26. Rxd6 Qxf7 27. Rxe6 Re8 28. Re5 Rxe5 29. Qxa8 Re8 30. Qc6 Re6
31. Qd5 Qe7 32. f5 gxf5 33. Qxf5+ Rg6 34. b5 Qb7 35. f3 Qg7 36. Rd1 Qg8 37. Rd7+ Kh8 38. Qe5+ Rg7 39. Rxa7 Qf8 40. a4 Qc5+
41. Qxc5 bxc5 42. Rxg7 Kxg7 43. b6
1-0

[Event "A tournament for new players to the site"]
[Site "SchemingMind.com"]
[Date "2004.12.21"]
[Round "-"]
[White "Scarian"]
[Black "Tyler"]
[Result "1-0"]
[WhiteCountry "GBR"]
[BlackCountry "SUI"]
[WhiteElo "1967"]
[WhiteRD "129"]
[BlackElo "1669"]
[BlackRD "119"]
[GameID "6408"]

1. e4 e5 2. Nf3 Nc6 3. Nc3 Nf6 4. d3 h6 5. a3 Bc5 6. Bd2 Ng4 7. Be3 Bxe3 8. fxe3 Nxe3 9. Qe2 Nd4 10. Nxd4 exd4
11. Nd5 O-O 12. Nxe3 dxe3 13. Qxe3 d6 14. g3 f5 15. Bg2 Bd7 16. O-O Qe7 17. Rae1 fxe4 18. Bxe4 Rxf1+ 19. Rxf1 Re8 20. Qxa7 Bc6
21. Bxc6 bxc6 22. b3 c5 23. Qb7 Qe3+ 24. Kg2 Re7 25. Qc8+ Kh7 26. Qf5+ g6 27. Qf8 Qe6 28. a4 Qd5+ 29. Rf3 Qe6 30. a5 c6
31. a6 d5 32. Qb8 Qd7 33. Rf8 g5 34. a7 Qxa7 35. Rh8+ Kg6 36. Qg8+ Kh5 37. Qf8 Re6 38. g4+ Kg6 39. Rxh6#
1-0

[Event "A tournament for new players to the site"]
[Site "SchemingMind.com"]
[Date "2004.12.21"]
[Round "-"]
[White "lame wolf"]
[Black "Tyler"]
[Result "0-1"]
[WhiteCountry "INT"]
[BlackCountry "SUI"]
[WhiteElo "1111"]
[WhiteRD "107"]
[BlackElo "1669"]
[BlackRD "119"]
[GameID "6409"]

1. c4 f5 2. Nc3 Nf6 3. d4 e6 4. e3 Be7 5. g3 O-O 6. f3 b6 7. Bg2 Bb7 8. Qd2 a5 9. a3 Na6 10. Qe2 c5
11. f4 Bxg2 12. Qxg2 cxd4 13. exd4 Nc7 14. Be3 d5 15. Qe2 Rc8 16. cxd5 Ncxd5 17. Nxd5 exd5 18. Nf3 Ne4 19. O-O Bd6 20. Qb5 Bb8
21. Rac1 Rxc1 22. Bxc1 g6 23. Bd2 Rf6 24. b4 axb4 25. Qxb4 Rc6 26. Rc1 Bd6 27. Qa4 Rxc1+ 28. Bxc1 Nc3 29. Qc2 Ne4 30. Nd2 Qc7
31. Qxc7 Bxc7 32. Nxe4 fxe4 33. Kf2 Kf7 34. Ke2 Ke6 35. a4 Bd6 36. Bd2 Kf5 37. a5 bxa5 38. Bxa5 Kg4 39. Kf2 Kh3 40. Kg1 Ba3
41. Bb6 Bc1 42. Bc7 Be3+ 43. Kh1 Bxd4
0-1

[Event "A tournament for new players to the site"]
[Site "SchemingMind.com"]
[Date "2004.12.24"]
[Round "-"]
[White "CWM"]
[Black "Gary"]
[Result "1-0"]
[WhiteCountry "CAN"]
[BlackCountry "ENG"]
[WhiteElo "1818"]
[WhiteRD "96"]
[BlackElo "1692"]
[BlackRD "56"]
[GameID "6502"]

1. e4 c5 2. Nf3 d6 3. d4 cxd4 4. Nxd4 Nf6 5. Nc3 a6 6. Bg5 e5 7. Nb3 Be7 8. Bd3 O-O 9. Bxf6 Bxf6 10. Nd5 Bg5
11. O-O Nc6 12. Qe2 Be6 13. Ne3 Rc8 14. c3 b5 15. Rad1 Qd7 16. Nc1 b4 17. Bxa6 Ra8 18. Nd5 Qd8 19. Bb7 bxc3 20. Bxc6 cxb2
21. Qxb2 Rc8 22. Ba4
1-0

[Event "A tournament for new players to the site"]
[Site "SchemingMind.com"]
[Date "2004.12.24"]
[Round "-"]
[White "CWM"]
[Black "Rigle"]
[Result "1-0"]
[WhiteCountry "CAN"]
[BlackCountry "USA"]
[WhiteElo "1818"]
[WhiteRD "96"]
[BlackElo "1785"]
[BlackRD "128"]
[GameID "6504"]

1. e4 e5 2. Nf3 Nf6 3. Nxe5 d6 4. Nf3 Nxe4 5. Qe2 Qe7 6. d3 Nf6 7. Bg5 Qxe2+ 8. Bxe2 Be7 9. Nc3 O-O 10. O-O Nc6
11. a3 Bg4 12. Rac1 Rfe8 13. h3 Bxf3 14. Bxf3 Nd4 15. Bxb7 Rab8 16. Be3 c5 17. Bf3 Nxf3+ 18. gxf3 Rxb2 19. Rfe1 h6 20. d4 a6
21. Re2 a5 22. Rce1 Bf8 23. Kf1 cxd4 24. Bxd4 Rxe2 25. Rxe2 Nd7 26. Nd1 Rb1 27. Ke1 f6 28. Re8 Kf7 29. Ra8 Ne5 30. Bxe5 fxe5
31. Rxa5 Ke6 32. Ke2 Be7 33. a4 Rb4 34. Ra8 Rc4 35. Ne3 Rc3 36. a5 Ra3 37. a6 d5 38. a7 g5 39. Ng4 h5 40. Nh6 d4
41. Ng8 Bf8 42. Re8+ Kf7 43. a8=Q Rxa8 44. Rxa8 Kxg8 45. Kd3 h4 46. Ke4 Kf7 47. Rxf8+ Kxf8 48. Kxe5 Kf7 49. Kxd4
1-0

[Event "A tournament for new players to the site"]
[Site "SchemingMind.com"]
[Date "2004.12.24"]
[Round "-"]
[White "CWM"]
[Black "Scarian"]
[Result "0-1"]
[WhiteCountry "CAN"]
[BlackCountry "GBR"]
[WhiteElo "1818"]
[WhiteRD "96"]
[BlackElo "1967"]
[BlackRD "129"]
[GameID "6506"]

1. e4 e5 2. Nf3 Nf6 3. Nxe5 Qe7 4. d4 d6 5. Nf3 Nxe4 6. Be3 Nd7 7. Bd3 Ndf6 8. Nbd2 Nxf2 9. Kxf2 Ng4+ 10. Kg3 Nxe3
11. Qe2 Nf5+ 12. Kf2 Qxe2+ 13. Bxe2 Be7 14. Rhe1 g5 15. Bd3 g4
0-1

[Event "A tournament for new players to the site"]
[Site "SchemingMind.com"]
[Date "2004.12.24"]
[Round "-"]
[White "CWM"]
[Black "lame wolf"]
[Result "1-0"]
[WhiteCountry "CAN"]
[BlackCountry "INT"]
[WhiteElo "1675"]
[WhiteRD "154"]
[BlackElo "1108"]
[BlackRD "152"]
[GameID "6507"]

1. e4 e5 2. Nf3 Nc6 3. Bb5 Bc5 4. O-O d5 5. Nxe5 Bd7 6. Nxd7 Qxd7 7. exd5 Qxd5 8. Nc3 O-O-O 9. Nxd5 Rxd5 10. Bxc6 Nf6
11. Bxd5 Nxd5 12. d4 Bd6 13. c4 Nf6 14. c5 Be7 15. Re1 Rd8 16. Rxe7
1-0

[Event "A tournament for new players to the site"]
[Site "SchemingMind.com"]
[Date "2004.12.24"]
[Round "-"]
[White "CWM"]
[Black "Tyler"]
[Result "1/2-1/2"]
[WhiteCountry "CAN"]
[BlackCountry "SUI"]
[WhiteElo "1818"]
[WhiteRD "96"]
[BlackElo "1669"]
[BlackRD "119"]
[GameID "6508"]

1. e4 e5 2. Nf3 Nc6 3. Bb5 a6 4. Bxc6 dxc6 5. O-O Bd6 6. d4 exd4 7. Qxd4 f6 8. Nc3 Ne7 9. Be3 O-O 10. Rad1 Be6
11. a3 Ng6 12. h3 Ne5 13. Nxe5 Bxe5 14. Qd3 Qe7 15. Bd4 Rad8 16. Qe3 Bxd4 17. Rxd4 Rxd4 18. Qxd4 c5 19. Qe3 Rd8 20. Re1 b6
21. f4 Bc8 22. Nd5 Qf7 23. c4 Bb7 24. f5 Re8 25. Qg3 Bxd5 26. exd5 Rxe1+ 27. Qxe1 Kf8 28. Kf2 Qh5 29. Qe6 Qh4+ 30. Kg1 Qd4+
31. Kh1 Qe5 32. Qc6 Qe1+ 33. Kh2= Qe5+ 34. Kh1 Qe1+ 35. Kh2 Qe5+ 36. Kh1
1/2-1/2

[Event "A tournament for new players to the site"]
[Site "SchemingMind.com"]
[Date "2004.12.26"]
[Round "-"]
[White "Gary"]
[Black "CWM"]
[Result "0-1"]
[WhiteCountry "ENG"]
[BlackCountry "CAN"]
[WhiteElo "1692"]
[WhiteRD "56"]
[BlackElo "1818"]
[BlackRD "96"]
[GameID "6509"]

1. e4 c5 2. Nf3 d6 3. d4 cxd4 4. Nxd4 Nf6 5. Nc3 a6 6. f4 Nbd7 7. Nf3 e5 8. f5 b5 9. Bg5 Bb7 10. Qd2 h6
11. Bxf6 Nxf6 12. Bd3 Be7 13. Qe3 Qc7 14. O-O-O Rc8 15. h3 Nd7 16. g4 Nc5 17. Be2 Nxe4 18. Rd3 b4
0-1

[Event "A tournament for new players to the site"]
[Site "SchemingMind.com"]
[Date "2004.12.24"]
[Round "-"]
[White "Rigle"]
[Black "CWM"]
[Result "1/2-1/2"]
[WhiteCountry "USA"]
[BlackCountry "CAN"]
[WhiteElo "1785"]
[WhiteRD "128"]
[BlackElo "1818"]
[BlackRD "96"]
[GameID "6511"]

1. d4 Nf6 2. Nf3 e6 3. Nc3 Bb4 4. Bd2 b6 5. a3 Bxc3 6. Bxc3 Bb7 7. Qd3 d6 8. Nd2 Nbd7 9. O-O-O c5 10. Nc4 d5
11. Nd6+ Ke7 12. Nxb7 Qc7 13. Qg3 Qxb7 14. Qxg7 h5 15. Qg5 Rag8 16. Qe3 Ng4 17. Qf3 Ngf6 18. dxc5 bxc5 19. g3 Rb8 20. Bg2 Rhc8
21. Qf4 Qb6 22. e3 Qc6 23. Qg5 Rg8 24. Qh4 Rg4 25. Qh3 Qb6 26. f3 Rc4 27. Rhe1 Rxc3 28. bxc3 Qb2+ 29. Kd2 Rb3 30. Rc1 Qxc3+
31. Ke2 Rxa3 32. Qh4 Ra2 33. Kf1 Rxc2 34. Rxc2 Qxc2 35. f4 Kd6 36. h3 Ne4 37. Re2 Qb1+ 38. Re1 Qd3+ 39. Kg1 c4 40. Bxe4 Qxe4
41. Qxh5 Nc5 42. Kh2 Nd3 43. Re2 Nc1 44. Re1 Qc2+ 45. Kh1 Nd3 46. Ra1 Qf2 47. Ra6+ Kc5 48. Qxf7 Qf3+= 49. Kh2 Qf2+ 50. Kh1 Qf3+
51. Kh2=
1/2-1/2